| 000 | 00000nam##2200000za#4500 |
| 001 | 9.590500 |
| 003 | CaOODSP |
| 005 | 20210624200145 |
| 007 | cr ||||||||||| |
| 008 | 150406|1990||||xxc|||||o f|0| 0 fre|d |
| 040 | |aCaOODSP|bfre |
| 041 | |aeng |
| 041 | |afre |
| 043 | |an-cn--- |
| 086 | 1 |aS52-2/200-PDF |
| 110 | 1 |aCanada.|bTravaux publics et Services gouvernementaux Canada.|bBureau de la traduction. |
| 245 | 10|aVocabulaire du genie génétique / |h[ressource électronique]|cSous la direction d'Edgard Delvin et de Gisèle Phan. |
| 260 | |aOttawa - Ontario : |bTravaux publics et Services gouvernementaux Canada. |cc1990. |
| 300 | |a352p. |
| 490 | 1 |aBulletin de terminologie|vN° 200 |
| 500 | |aÉdition numérisée de l'imprimé. [Produit par les Éditions et Services de dépôt, 2014.] Publié par le Secrétariat d'État, Bureau des traductions, Direction générale de la terminologie et des services linguistiques.—Introd. Projet conjoint du Conseil de recherches médicales du Canada. |
| 504 | |aBibliographie. |
| 590 | |a14-22-Supp|b2014-12-24 |
| 720 | 1 |aDelvin, Edgard |
| 720 | 1 |aPham, Gisèle |
| 791 | |tVocabulary of genetic engineering / |eeng|w(CaOODSP)9.590499 |
| 830 | #0|aBulletin de terminologie ;|vN° 200|w(CaOODSP)9.500140 |
| 856 | 40|ahttp://publications.gc.ca|qPDF|s3522 Ko|uhttps://publications.gc.ca/collections/collection_2014/tpsgc-pwgsc/S52-2-200.pdf|yN° 200 |